Kto má riadiť podnik v turbulentnej dobe
Riadenie podniku a podniková stratégia v turbulentnej, krízovej dobe. Podnikateľské systémy, znalosti a schopnosti inovovať. Rozvoj ľudí a konkurencieschopnosť. Zmeny v technológiách i v hodnotovej orientácii.
Na minha lista:
| Autor principal: | |
|---|---|
| Formato: | Capítulo de Livro |
| Idioma: | eslovaco |
| Assuntos: | |
| Tags: |
Sem tags, seja o primeiro a adicionar uma tag!
|
MARC
| LEADER | 00000naa$a2200000$$$4500 | ||
|---|---|---|---|
| 001 | 0116682 | ||
| 005 | 20230912094852.2 | ||
| 041 | 0 | |a slo | |
| 044 | |a SK | ||
| 245 | 1 | 0 | |a Kto má riadiť podnik v turbulentnej dobe |c Ján Košturiak |
| 520 | |a Riadenie podniku a podniková stratégia v turbulentnej, krízovej dobe. Podnikateľské systémy, znalosti a schopnosti inovovať. Rozvoj ľudí a konkurencieschopnosť. Zmeny v technológiách i v hodnotovej orientácii. | ||
| 610 | 2 | 0 | |a manažment |
| 610 | 2 | 0 | |a manažment inovačný |
| 610 | 2 | 0 | |a manažment strategický |
| 610 | 2 | 0 | |a stratégia inovačná |
| 610 | 2 | 0 | |a technológie nové |
| 610 | 2 | 0 | |a rozvoj pracovníkov |
| 610 | 2 | 0 | |a zdroje ľudské |
| 610 | 2 | 0 | |a morálka |
| 100 | 1 | |a Košturiak, Ján | |